01300nam a2200265 a 450000100060000000300090000600800410001502000150005604000280007108200190009910000460011824500450016426000360020930000080024550503290025359001360058265000290071865000260074765000330077365000230080665000220082994200120085199900170086395201540088021445CO-ViMGA141112s2004 ck r 000 u spa d a9681859561 aCO-ViMGAbspacCO-ViMGA04a658.3128 S738t1 aStewart, Greg L.; Manz, Charles C.93063010aTrabajo en equipo y dinámica de grupos aMexico : bLimusa Wiley, c2003 a236 aEntradas para el trabajo en equipo : Cómo diseñar equipos de trabajo eficientes 21 - - Procesos de equipo : Desarrollo de relaciones sinergicas en el equipo 87 - - Procesos de equipo que disminuyen la autonomía individual 145 - - Salidas de los equipos : Evaluación y mejoramiento del desmpeño de los equipos 157  aForma de adquisición : Compra fact. 0867 - - Precio : 40000 - - Proveedor : Temas y libros - - Fecha de adquisición : Mayo 200714aGRUPOS DE TRABAJO93063114aGRUPOS HUMANOS93063214aPSICOLOGIA INDUSTRIAL94767614aRELACIONES HUMANAS14aTRABAJO EN EQUIPO 2ddccBK c30054d30054 00102ddc40708002aMEVIECARbMEVIECARd2015-12-04hVolumen. 1 | 11/jun/2009l0o658.3128 S738t p21445r2015-12-04 00:00:00tEj. 1w2015-12-04yBK